Guess the Fusion Rock Song Lyrics #179 - Statistics

General Stats
  • This quiz has been taken 11 times
  • The average score is 220 of 271
Answer Stats
Answer % Correct
a
100%
And
100%
Come
100%
do
100%
don't
100%
for
100%
I
100%
in
100%
it
100%
it's
100%
I've
100%
know
100%
me
100%
my
100%
of
100%
that
100%
the
100%
Who
100%
Why
100%
you
100%
all
88%
All
88%
are
88%
babe
88%
even
88%
from
88%
got
88%
here
88%
I'll
88%
is
88%
late
88%
Like
88%
love
88%
No
88%
now
88%
Oh
88%
oh
88%
should
88%
so
88%
So
88%
stay
88%
take
88%
there
88%
What
88%
your
88%
you're
88%
after
75%
away
75%
been
75%
find
75%
hand
75%
keep
75%
Look
75%
make
75%
one
75%
say
75%
see
75%
today
75%
tonight
75%
us
75%
way
75%
we
75%
We've
75%
we've
75%
at
63%
Bob Seger
63%
Both
63%
care
63%
Deep
63%
does
63%
everyone
63%
far
63%
girl
63%
include
63%
Let's
63%
lonely
63%
Lonely
63%
longed
63%
Longing
63%
needs
63%
out
63%
plans
63%
said
63%
shelter
63%
soul
63%
stars
63%
Still
63%
tomorrow
63%
weary
63%
Weary
63%
will
63%
else
50%
last
50%
light
50%
searchin
50%
Turn
50%
fading
38%
hopes
38%
worry
38%
No matching quizzes found
Score Distribution
Percent of People with Each Score
Percentile by Number Answered
Your Score History
You have not taken this quiz